Postharvest physiology and molecular characterization of ethylene related genes in pollinated Dendrobium pompadour /
محفوظ في:
| المؤلف الرئيسي: | |
|---|---|
| التنسيق: | أطروحة كتاب |
| اللغة: | English |
| منشور في: |
2012.
|
| الموضوعات: | |
| الوصول للمادة أونلاين: | http://studentsrepo.um.edu.my/id/eprint/5832 |
| الوسوم: |
إضافة وسم
لا توجد وسوم, كن أول من يضع وسما على هذه التسجيلة!
|
| LEADER | 01253cam a2200301 a 4500 | ||
|---|---|---|---|
| 001 | u868207 | ||
| 003 | SIRSI | ||
| 005 | 201211140931 | ||
| 008 | 121114s2012 my a m 000 0 eng m | ||
| 040 | |a UMM |d AUM |e rda | ||
| 090 | |a QH302 |b UMP 2012 Zulr | ||
| 100 | 0 | |a Zuliana Razali. | |
| 245 | 1 | 0 | |a Postharvest physiology and molecular characterization of ethylene related genes in pollinated Dendrobium pompadour / |c Zuliana Razali. |
| 260 | |c 2012. | ||
| 300 | |a xvii, 299 [27] leaves : |b ill. ; |c 30 cm. | ||
| 502 | |a Thesis (Ph.D) -- Institut Sains Biologi, Fakulti Sains, Universiti Malaya, 2012. | ||
| 504 | |a Bibliography: leaves 266-299. | ||
| 596 | |a 1 25 | ||
| 650 | 0 | |a Dendrobium |x Analysis. | |
| 650 | 0 | |a Orchids |x Morphology. | |
| 650 | 0 | |a Orchids |x Physiology. | |
| 650 | 0 | |a Plants |x Effect of ethylene on. | |
| 650 | 0 | |a Ethylene |x Physiological effect. | |
| 710 | 2 | |a Universiti Malaya. |b Institut Sains Biologi. | |
| 856 | 4 | 1 | |u http://studentsrepo.um.edu.my/id/eprint/5832 |
| 900 | |a AT-ZA | ||
| 999 | |a QH302 UMP 2012 ZULR |w LC |c 1 |i A515369949 |d 22/10/2013 |f 22/10/2013 |g 1 |l STACKS |m P01UTAMA |r Y |s Y |t TESIS |u 17/10/2013 |1 STEM | ||
| 999 | |a QH302 UMP 2012 ZULR |w LC |c 1 |i A515297500 |f 25/8/2023 |g 1 |l STACKS |m P25UMARCHI |r N |s Y |t CD |u 6/7/2017 |1 STEM |o .STAFF. MST-CD9314 | ||
